[Event "Speed Chess Q2 Sw"]
[Site "Chess.com INT"]
[Date "2023.08.23"]
[Round "1"]
[White "Muskardin, Mario"]
[Black "Dragnev, Valentin"]
[Result "0-1"]
[WhiteElo "2391"]
[BlackElo "2576"]
[PlyCount "72"]
[EventDate "2023.08.23"]
[EventType "swiss (blitz)"]
[EventRounds "14"]
[EventCountry "USA"]
[SourceTitle "CBM 215 Extra"]
[Source "ChessBase"]
[SourceDate "2023.09.30"]
[SourceVersion "1"]
[SourceVersionDate "2023.09.30"]
[SourceQuality "1"]

1. e4 c5 2. Ne2 d6 3. g3 Nf6 4. Bg2 g6 5. c3 Bg7 6. d4 cxd4 7. cxd4 Nc6 8. Nbc3 h5 9. h3 h4 10. g4 Bd7 11. Be3 Rc8 12. Rc1 Na5 13. b3 b5 14. e5 Ng8 15. f4 b4 16. Ne4 f5 17. Ng5 e6 18. d5 Rxc1 19. Qxc1 exd5 20. Bxd5 Nh6 21. e6 Bb5 22. Nd4 Qb6 23. Nxf5 Bc3+ 24. Kf2 Qc7 25. Nxh6 Rxh6 26. f5 gxf5 27. gxf5 Bc6 28. Qd1 Kf8 29. Qf3 Rf6 30. Kg2 Be8 31. Rf1 Nc6 32. Qg4 Rh6 33. Ne4 Rh7 34. f6 Bh5 35. e7+ Nxe7 36. f7 Bxg4 0-1

[Event "Titled Tuesday intern op 22nd Aug Early"]
[Site "Chess.com INT"]
[Date "2023.08.22"]
[Round "9"]
[White "Balabayeva, Kseniya"]
[Black "Muskardin, Mario"]
[Result "1-0"]
[WhiteElo "2188"]
[BlackElo "2391"]
[PlyCount "79"]
[EventDate "2023.08.22"]
[EventType "swiss (blitz)"]
[EventRounds "11"]
[EventCountry "USA"]
[SourceTitle "EXT 2024"]
[Source "ChessBase"]
[SourceDate "2023.10.10"]
[SourceVersion "1"]
[SourceVersionDate "2023.10.10"]
[SourceQuality "1"]

1. d4 Nf6 2. Bf4 e6 3. e3 c5 4. c3 Nc6 5. Nd2 d5 6. Ngf3 Bd6 7. Bg3 0-0 8. Bd3 b6 9. Ne5 Qc7 10. f4 g6 11. Bh4 Nd7 12. Qg4 Be7 13. Ndf3 Ncxe5 14. fxe5 f5 15. Qh3 Nb8 16. Bg5 Bxg5 17. Nxg5 Qe7 18. Qg3 f4 19. exf4 cxd4 20. cxd4 Qb4+ 21. Ke2 Nc6 22. Nxh7 Qxb2+ 23. Kf3 Nxd4+ 24. Ke3 Nf5+ 25. Bxf5 d4+ 26. Kf3 Bb7+ 27. Be4 Qc3+ 28. Kg4 Bxe4 29. Qxc3 Bf5+ 30. Kg5 dxc3 31. Nxf8 Kxf8 32. g4 Be4 33. Rhe1 Bd3 34. Re3 Rd8 35. Rc1 c2 36. Kf6 Ke8 37. Kxe6 Kf8 38. Rxd3 Rxd3 39. Rxc2 Rd4 40. f5 1-0

[Event "Titled Tuesday intern op 22nd Aug Early"]
[Site "Chess.com INT"]
[Date "2023.08.22"]
[Round "7"]
[White "Estrada Nieto, Julian"]
[Black "Muskardin, Mario"]
[Result "1-0"]
[WhiteElo "2217"]
[BlackElo "2391"]
[PlyCount "59"]
[EventDate "2023.08.22"]
[EventType "swiss (blitz)"]
[EventRounds "11"]
[EventCountry "USA"]
[SourceTitle "EXT 2024"]
[Source "ChessBase"]
[SourceDate "2023.10.10"]
[SourceVersion "1"]
[SourceVersionDate "2023.10.10"]
[SourceQuality "1"]

1. e4 c5 2. Nf3 g6 3. c3 Bg7 4. d4 cxd4 5. cxd4 d5 6. e5 Bg4 7. Bb5+ Nc6 8. Bxc6+ bxc6 9. 0-0 Nh6 10. Nbd2 0-0 11. h3 Bxf3 12. Nxf3 Qb6 13. b3 c5 14. dxc5 Qxc5 15. Be3 Qa5 16. Nd4 Rfc8 17. Rc1 Qxa2 18. Nc6 Nf5 19. g4 Nxe3 20. fxe3 Bf8 21. Qxd5 e6 22. Qf3 Rc7 23. Ne7+ Rxe7 24. Qxa8 Qxb3 25. Rc8 Qxe3+ 26. Kg2 Qd2+ 27. Rf2 Qd5+ 28. Qxd5 exd5 29. Rb2 f5 30. Rbb8 1-0

[Event "Titled Tuesday intern op 22nd Aug Early"]
[Site "Chess.com INT"]
[Date "2023.08.22"]
[Round "8"]
[White "Muskardin, Mario"]
[Black "Bilan, Danila"]
[Result "1-0"]
[WhiteElo "2391"]
[BlackElo "2303"]
[PlyCount "93"]
[EventDate "2023.08.22"]
[EventType "swiss (blitz)"]
[EventRounds "11"]
[EventCountry "USA"]
[SourceTitle "EXT 2024"]
[Source "ChessBase"]
[SourceDate "2023.10.10"]
[SourceVersion "1"]
[SourceVersionDate "2023.10.10"]
[SourceQuality "1"]

1. e4 c6 2. Nf3 d5 3. exd5 cxd5 4. d4 Nc6 5. c4 Nf6 6. Nc3 Bg4 7. cxd5 Nxd5 8. Bb5 e6 9. h3 Bxf3 10. Qxf3 Rc8 11. 0-0 Be7 12. Bxc6+ Rxc6 13. Be3 Nxc3 14. bxc3 Qd5 15. Qg3 0-0 16. Bd2 Rfc8 17. Rfb1 Rc4 18. a4 a6 19. Rb6 Bd8 20. Rd6 Qf5 21. Rd7 Bc7 22. Qg4 Qxg4 23. hxg4 Kf8 24. d5 exd5 25. Re1 Rd8 26. Ree7 Rxd7 27. Rxd7 Ke8 28. Rxd5 Rxa4 29. f3 Bg3 30. Kf1 Rc4 31. Ke2 b5 32. Rh5 h6 33. g5 Rc5 34. gxh6 Rxh5 35. hxg7 Re5+ 36. Kd1 Rd5 37. g8Q+ Ke7 38. Qxg3 Rd6 39. Qg5+ f6 40. Qc5 Kd7 41. Kc2 Rc6 42. Qa7+ Kd6 43. Bf4+ Kd5 44. Qd4+ Ke6 45. Qe4+ Kd7 46. Qd5+ Rd6 47. Qxd6+ 1-0

[Event "Titled Tuesday intern op 22nd Aug Early"]
[Site "Chess.com INT"]
[Date "2023.08.22"]
[Round "4"]
[White "Yelisieiev, Yevhenii"]
[Black "Muskardin, Mario"]
[Result "1-0"]
[WhiteElo "2401"]
[BlackElo "2391"]
[PlyCount "111"]
[EventDate "2023.08.22"]
[EventType "swiss (blitz)"]
[EventRounds "11"]
[EventCountry "USA"]
[SourceTitle "EXT 2024"]
[Source "ChessBase"]
[SourceDate "2023.10.10"]
[SourceVersion "1"]
[SourceVersionDate "2023.10.10"]
[SourceQuality "1"]

1. d4 Nf6 2. Nf3 e6 3. c4 c5 4. d5 d6 5. Nc3 Be7 6. g3 0-0 7. Bg2 Re8 8. 0-0 Na6 9. e4 Bf8 10. Re1 exd5 11. cxd5 Nc7 12. a4 b6 13. e5 dxe5 14. Nxe5 Bb7 15. Nc6 Rxe1+ 16. Qxe1 Qd7 17. Ne5 Qd8 18. d6 Ncd5 19. Bg5 Qxd6 20. Bxf6 gxf6 21. Ng4 f5 22. Ne3 Nxe3 23. Bxb7 Rb8 24. Qxe3 Rxb7 25. Rd1 Qe6 26. Qf3 Rd7 27. Rxd7 Qxd7 28. Nd5 Bg7 29. b3 h6 30. Qxf5 Qxf5 31. Ne7+ Kh7 32. Nxf5 Be5 33. f4 Kg6 34. Nh4+ Kf6 35. fxe5+ Kxe5 36. Kf2 h5 37. Ke3 a6 38. Ng2 Kf5 39. Nf4 Kg4 40. Kf2 Kf5 41. Kf3 b5 42. axb5 axb5 43. Nxh5 c4 44. bxc4 bxc4 45. Nf4 Ke5 46. Ne2 Kf5 47. Nc3 Ke5 48. Ke3 Kf5 49. h3 Ke5 50. g4 f5 51. g5 f4+ 52. Kf3 Kd4 53. Ne2+ Ke5 54. Nxf4 Kf5 55. h4 c3 56. Nd3 1-0

[Event "Speed Chess Q1 Sw"]
[Site "Chess.com INT"]
[Date "2023.08.21"]
[Round "3"]
[White "Tanenbaum, Zachary Chen"]
[Black "Muskardin, Mario"]
[Result "1-0"]
[WhiteElo "2279"]
[BlackElo "2391"]
[PlyCount "31"]
[EventDate "2023.08.21"]
[EventType "k.o. (blitz)"]
[EventRounds "14"]
[EventCountry "USA"]
[SourceTitle "CBM 215 Extra"]
[Source "ChessBase"]
[SourceDate "2023.09.30"]
[SourceVersion "1"]
[SourceVersionDate "2023.09.30"]
[SourceQuality "1"]

1. e4 c5 2. Nf3 g6 3. d4 cxd4 4. Qxd4 Nf6 5. e5 Nc6 6. Qa4 Nd5 7. Qb3 Nc7 8. Bf4 Ne6 9. Bg3 Bg7 10. Nc3 a6 11. 0-0-0 b5 12. h4 h5 13. Nd5 Bb7 14. Ng5 Ncd4 15. Rxd4 Nxd4 16. Nf6+ 1-0

[Event "Vrsar op"]
[Site "Vrsar"]
[Date "2023.05.01"]
[Round "9"]
[White "Kolednjak, Tomislav"]
[Black "Muskardin, Mario"]
[Result "0-1"]
[WhiteElo "2066"]
[BlackElo "2358"]
[PlyCount "126"]
[EventDate "2023.04.25"]
[EventType "swiss"]
[EventRounds "9"]
[EventCountry "CRO"]
[SourceTitle "CBM 214 Extra"]
[Source "ChessBase"]
[SourceDate "2023.07.31"]
[SourceVersion "1"]
[SourceVersionDate "2023.07.31"]
[SourceQuality "1"]

1. e4 c5 2. Nf3 d6 3. Bb5+ Bd7 4. Bxd7+ Qxd7 5. c4 Nf6 6. Nc3 g6 7. d4 cxd4 8. Nxd4 Bg7 9. f3 Nc6 10. Be3 e6 11. Ndb5 Bf8 12. Bg5 Nh5 13. g4 h6 14. Be3 Nf6 15. g5 hxg5 16. Bxg5 Nh5 17. 0-0 a6 18. Nd4 Bh6 19. Bxh6 Rxh6 20. Nce2 g5 21. Nxc6 Qxc6 22. Qd4 e5 23. Qe3 Nf4 24. Ng3 Qc5 25. Qxc5 dxc5 26. Rad1 Rb6 27. Rd2 Rd8 28. Rfd1 Rd4 29. Nf5 Ne2+ 30. Kf2 Rxd2 31. Rxd2 Nd4 32. Ke3 Rf6 33. Rg2 Nxf5+ 34. exf5 Rxf5 35. Ke4 Rf4+ 36. Kxe5 Rxc4 37. Rxg5 Rc2 38. Rg8+ Kd7 39. Kd5 Rxh2 40. Kxc5 Rxb2 41. a4 b6+ 42. Kc4 a5 43. Rb8 Kc6 44. Rc8+ Kd6 45. Rd8+ Ke5 46. Rd5+ Kf4 47. Rb5 Rc2+ 48. Kd3 Rc6 49. Ke2 f5 50. Kf1 Rc3 51. Kg2 Rc2+ 52. Kh3 Rf2 53. Rxb6 Rxf3+ 54. Kh4 Ra3 55. Rb1 Rxa4 56. Rf1+ Ke3+ 57. Kg5 f4 58. Kg4 f3+ 59. Kg3 f2 60. Rb1 Rf4 61. Ra1 f1Q 62. Rxa5 Qf2+ 63. Kh3 Rh4# 0-1